[Event "Challenge"]
[Site "http://www.queenalice.com/game.php?id=204969"]
[Date "2007.5.2"]
[Round "-"]
[White "kleopatra"]
[Black "jojo2017"]
[Result "0-1"]
[WhiteElo "1879"]
[BlackElo "1759"]

1. e4 e5 2. Nf3 Nc6 3. Nc3 Bb4 4. a3 Ba5 5. b4 Bb6 6. Bc4 d6 7. h3 h6 8. d3 Nd4
9. Bb2 c6 10. Nxd4 Bxd4 11. O-O d5 12. exd5 cxd5 13. Bxd5 Bxc3 14. Qf3 Nf6 15.
Bxf7+ Kxf7 16. Bxc3 Re8 17. Rfe1 Qd6 18. Qg3 Nd7 19. Re3 Re6 20. Rae1 Kg8 21.
Rf3 Qe7 22. d4 Rf6 23. dxe5 Rxf3 24. Qxf3 Nf8 25. Qg3 Bf5 26. Re2 Ne6 27. Bd2
Kh7 28. c4 Nd4 29. Re3 Rd8 30. Bc3 Nc2 31. Rf3 Qe6 32. Qf4 Rd3 33. Bb2 Rxf3 34.
Qxf3 Ne1 35. Qc3 Nd3 36. c5 Nf4 37. Qf3 Qc4 38. Kh2 Bg6 39. g3 Nd3 40. Qe2 Qa2
41. e6 Qxb2 42. Qxb2 Nxb2 43. g4 Be8 44. f4 Kg6 45. Kg3 Nc4 46. f5+ Kf6 47. Kf4
Nxa3 48. h4 Nc2 49. g5+ hxg5+ 50. hxg5+ Ke7 51. Ke5 g6 52. f6+ Kf8 53. f7 Bxf7
54. exf7 Nxb4 55. Kf6 Nc6 56. Kxg6 a5 57. Kf6 Nd8 58. g6 Nxf7 59. gxf7 a4 0-1

[Event "Challenge"]
[Site "http://www.queenalice.com/game.php?id=206657"]
[Date "2007.5.5"]
[Round "-"]
[White "lolothebest"]
[Black "kleopatra"]
[Result "0-1"]
[WhiteElo "1540"]
[BlackElo "1895"]

1. e4 c5 2. Qf3 Nf6 3. Bc4 e6 4. e5 d5 5. exf6 dxc4 6. Ne2 Qxf6 7. Qxf6 gxf6 8.
O-O Rg8 9. Nf4 e5 10. Re1 Be7 11. Nd5 Kd8 12. Na3 Be6 13. Nxe7 Kxe7 14. Nb5 Kd7
15. a4 Nc6 16. Re3 a6 17. Nc3 Nd4 18. Ne4 Rg6 19. Nxc5+ Kc6 20. b4 Nxc2 21. Bb2
Nxa1 22. Bxa1 a5 23. Nxe6 fxe6 24. Rc3 Rg4 25. b5+ Kc5 26. d3 Kb4 27. h3 Rd4 28.
g4 Rxd3 29. Rc1 Rxh3 30. Rb1+ Kxa4 31. Bb2 Rb3 32. Kf1 Kxb5 33. Ke1 Rd8 34. Rd1
Rxd1+ 0-1

[Event "Challenge"]
[Site "http://www.queenalice.com/game.php?id=207514"]
[Date "2007.5.7"]
[Round "-"]
[White "Kronista"]
[Black "kleopatra"]
[Result "1-0"]
[WhiteElo "1773"]
[BlackElo "1904"]

1. e4 e5 2. Nf3 Nc6 3. Bc4 Nf6 4. Nc3 Bc5 5. d3 h6 6. Be3 d6 7. Bxc5 dxc5 8. Ne2
Bg4 9. Nh4 Nd4 10. f3 Nd7 11. fxg4 Qxh4+ 12. Ng3 Nf6 13. c3 Ne6 14. Qb3 Qxg4 15.
Bxe6 fxe6 16. Rf1 b6 17. Qb5+ Kf7 18. Qd7+ Kg6 19. Qxc7 Rhf8 20. Qxe5 Rae8 21.
Kd2 Qg5+ 22. Qxg5+ Kxg5 23. Rf2 Ng4 24. Rxf8 Rxf8 25. Rf1 Rxf1 26. Nxf1 Kf4 27.
a4 Ne5 28. Ne3 a6 29. b4 cxb4 30. cxb4 Nc6 31. b5 axb5 32. axb5 Na7 33. Nc4 Nxb5
34. Nxb6 Nd6 35. Nd7 Nf7 36. Nf8 e5 37. Ne6+ Kg4 38. Nxg7 h5 39. Ke3 h4 40. Ne6
h3 41. g3 Kh5 42. d4 exd4+ 43. Nxd4 Ne5 44. Nf3 1-0

[Event "Challenge"]
[Site "http://www.queenalice.com/game.php?id=207827"]
[Date "2007.5.8"]
[Round "-"]
[White "jumping"]
[Black "kleopatra"]
[Result "0-1"]
[WhiteElo "1578"]
[BlackElo "1889"]

1. e4 e5 2. Nf3 Nc6 3. Bb5 Nf6 4. Nc3 Bc5 5. O-O O-O 6. d3 h6 7. Bxc6 dxc6 8.
Nxe5 Bd6 9. Bf4 Qe7 10. d4 c5 11. Nb5 a6 12. Nc3 cxd4 13. Qxd4 c5 14. Qe3 Bxe5
15. Nd5 Nxd5 16. exd5 Re8 17. Bxe5 Qxe5 18. Qxe5 Rxe5 19. d6 Rd5 20. Rad1 Be6
21. c4 Rxd1 22. Rxd1 Bxc4 23. d7 Rd8 24. b3 Be6 25. Rc1 b6 26. b4 cxb4 27. Rc6
Rxd7 28. h3 Bxa2 29. Rxb6 a5 30. Rb8+ Kh7 31. Ra8 Rd5 32. Ra7 Rb5 33. g4 b3 34.
Rxf7 b2 0-1

[Event "Challenge"]
[Site "http://www.queenalice.com/game.php?id=213239"]
[Date "2007.5.19"]
[Round "-"]
[White "Tlaloc2k"]
[Black "kleopatra"]
[Result "0-1"]
[WhiteElo "1607"]
[BlackElo "1889"]

1. e4 e5 2. Bc4 Nf6 3. Qf3 Bc5 4. Nc3 d6 5. h3 Be6 6. Nd5 c6 7. Nxf6+ Qxf6 8.
Qxf6 gxf6 9. d3 Bxc4 10. dxc4 Nd7 11. Bh6 O-O-O 12. Nf3 Nb6 13. Bg7 Rhg8 14.
Bxf6 Rde8 15. b3 Rxg2 16. Bh4 d5 17. exd5 cxd5 18. O-O-O dxc4 19. Ng5 cxb3 20.
axb3 Bxf2 21. Bxf2 Rxf2 22. Nxh7 Nd7 23. Ng5 Rg8 24. Ne4 Rf4 25. Nc3 a6 26. Nd5
Re8 27. Nxf4 exf4 28. Rhf1 Re4 29. h4 Nf6 30. c4 Nh5 31. Rd5 Ng3 32. Rfd1 f5 33.
Rd8+ Kc7 34. Rh8 f3 35. h5 f2 36. Rh7+ Kb6 37. Rd6+ Ka7 38. c5 f1=Q+ 39. Rd1 Re1
40. Rd7 Rxd1+ 41. Rxd1 Qf4+ 0-1

[Event "Challenge"]
[Site "http://www.queenalice.com/game.php?id=232358"]
[Date "2007.6.29"]
[Round "-"]
[White "kleopatra"]
[Black "Catao"]
[Result "0-1"]
[WhiteElo "1855"]
[BlackElo "1991"]

1. e4 c5 2. Nf3 d6 3. d4 cxd4 4. Nxd4 Nf6 5. Nc3 a6 6. Be2 e5 7. Nf3 h6 8. h3 b5
9. O-O Be7 10. Be3 Bb7 11. Nd5 Nxd5 12. exd5 Nd7 13. b3 O-O 14. Qd2 e4 15. Nh2
Bg5 16. Rad1 Bxe3 17. Qxe3 Nf6 18. Ng4 Nxg4 19. Bxg4 Re8 20. Rfe1 Qc7 0-1

[Event "Let's Play Chess!"]
[Site "http://www.queenalice.com/game.php?id=263061"]
[Date "2007.8.29"]
[Round "-"]
[White "mackenzista"]
[Black "kleopatra"]
[Result "0-1"]
[WhiteElo "1382"]
[BlackElo "1861"]

1. e4 c5 2. Qf3 e6 3. Bc4 d6 4. Nc3 Nf6 5. d3 h6 6. Bf4 Be7 7. O-O-O Nc6 8. Nge2
Nd4 9. Nxd4 cxd4 10. Nb5 e5 11. Bg3 Bg4 12. Qxg4 Nxg4 13. Rd2 Bg5 14. h3 Bxd2+
15. Kxd2 Nf6 16. Re1 O-O 17. f4 a6 18. Na3 Re8 19. fxe5 dxe5 20. c3 Nh5 0-1

[Event "Challenge"]
[Site "http://www.queenalice.com/game.php?id=265351"]
[Date "2007.9.1"]
[Round "-"]
[White "kleopatra"]
[Black "Kappat"]
[Result "0-1"]
[WhiteElo "1857"]
[BlackElo "1898"]

1. e4 e5 2. Nf3 Nf6 3. Nc3 Bb4 4. Nxe5 O-O 5. Nf3 Bxc3 6. dxc3 Nxe4 7. Bd3 d5 8.
h3 Re8 9. O-O Nc6 10. Re1 Bf5 11. Bg5 f6 12. Bh4 Qd7 13. Bxe4 Rxe4 14. Rxe4 Bxe4
15. Qd2 Bxf3 16. gxf3 Ne5 17. Kg2 c6 18. Qf4 Re8 19. Qg3 Qf5 20. Re1 Kf7 21. f4
Ng6 22. Rxe8 Nxf4+ 23. Kh2 Kxe8 24. Qg4 Qxg4 25. hxg4 Kd7 26. Kg3 g5 27. Kf3 h5
28. Bg3 hxg4+ 29. Kxg4 Ne6 30. a4 Nc5 31. b3 Ke6 32. f4 gxf4 33. Kxf4 Ne4 34. c4
Nxg3 35. Kxg3 dxc4 36. bxc4 Ke5 37. Kg4 Ke4 0-1

[Event "Challenge"]
[Site "http://www.queenalice.com/game.php?id=265372"]
[Date "2007.9.2"]
[Round "-"]
[White "HolyPhoenix"]
[Black "kleopatra"]
[Result "0-1"]
[WhiteElo "1682"]
[BlackElo "1851"]

1. d4 Nc6 2. d5 Ne5 3. Nf3 Nxf3+ 4. exf3 e5 5. Bd3 Nf6 6. Nc3 Bc5 7. O-O h6 8.
f4 d6 9. fxe5 dxe5 10. Qe1 Bd4 11. Qxe5+ Bxe5 12. Re1 O-O 13. Rxe5 Re8 14. Rxe8+
Qxe8 15. Bf4 Qe7 16. a3 Bd7 17. Bxc7 Re8 18. d6 Qe5 19. Rf1 Ng4 20. g3 Qh5 21.
h4 g5 22. Nd5 gxh4 23. Nf4 Qg5 24. Ne2 hxg3 25. Nxg3 Qh4 26. Kg2 Bc6+ 27. Be4
Rxe4 28. Rh1 Re1+ 29. f3 Rxh1 30. Nxh1 Qh2+ 31. Kf1 Bb5+ 32. c4 Bxc4+ 33. Ke1
Qe2# 0-1

[Event "Challenge"]
[Site "http://www.queenalice.com/game.php?id=267721"]
[Date "2007.9.6"]
[Round "-"]
[White "luizpessoa"]
[Black "kleopatra"]
[Result "0-1"]
[WhiteElo "1675"]
[BlackElo "1865"]

1. d4 Nf6 2. Nc3 e6 3. e4 d5 4. e5 Nfd7 5. Nf3 Nc6 6. a3 Be7 7. h3 h6 8. Bb5 a6
9. Bxc6 bxc6 10. Bd2 c5 11. Be3 cxd4 12. Bxd4 c5 13. Be3 d4 14. Bxd4 cxd4 15.
Qxd4 Bb7 16. O-O-O Bc5 17. Qg4 Rg8 18. Rhf1 Qa5 19. Qc4 Rc8 20. Qd3 Nb6 21. a4
Bc6 22. b3 Ba3+ 23. Kb1 Qb4 24. Na2 Qa5 25. c4 Rb8 26. Nd4 Qc5 27. Nxc6 Qxc6 28.
f3 Nxa4 29. Rd2 Ke7 30. Kc2 Nc5 31. Qd6+ Qxd6 32. exd6+ Kd7 33. Rb1 Kc6 34. Rbd1
Rgd8 35. Nc3 Nxb3 36. Rd3 Bxd6 37. Ne4 Nc5 38. Nxc5 Kxc5 39. Kc3 Be5+ 40. Kd2
Rxd3+ 41. Kxd3 Rd8+ 42. Kc2 Rxd1 43. Kxd1 Kxc4 44. Kc2 a5 45. g4 a4 46. Kb1 Kb3
47. h4 a3 48. f4 a2+ 0-1

[Event "Challenge"]
[Site "http://www.queenalice.com/game.php?id=267723"]
[Date "2007.9.6"]
[Round "-"]
[White "kleopatra"]
[Black "luizpessoa"]
[Result "1/2-1/2"]
[WhiteElo "1863"]
[BlackElo "1673"]

1. e4 c5 2. d3 e5 3. Nf3 d6 4. h3 Nc6 5. Be3 Be6 6. Nc3 h6 7. Be2 Nf6 8. O-O b6
9. a3 Nd4 10. Na2 Be7 11. c3 Nxf3+ 12. Bxf3 Qc8 13. Nc1 Rb8 14. d4 cxd4 15. cxd4
exd4 16. Bxd4 O-O 17. Rb1 d5 18. exd5 Bf5 19. Ne2 Qd7 20. Nf4 g5 21. Bxf6 Bxb1
22. Bxe7 Qxe7 23. Qxb1 gxf4 24. Qf5 Qg5 25. Be4 Qxf5 26. Bxf5 Rfe8 27. g4 fxg3
28. fxg3 Rbd8 29. Rd1 Re5 30. g4 Rdxd5 31. Rxd5 Rxd5 32. b4 Kg7 33. Kf2 Kf6 34.
Ke3 Kg5 35. Ke4 Rd2 36. a4 Rb2 37. Kd5 Rxb4 38. Bd7 Rb3 39. Kc6 a6 40. Kb7 a5
41. Kc7 Kh4 42. Kb7 Kxh3 43. Kc7 Rb4 44. g5+ Kg3 45. gxh6 f6 46. h7 Rh4 47. Kxb6
Rxh7 48. Bb5 f5 49. Kxa5 f4 50. Kb6 f3 51. a5 f2 52. a6 Rh5 53. Bc4 Rh4 54. Be2
Re4 55. Bd3 Rd4 56. Be2 Rd2 57. Bf1 Rb2+ 58. Ka7 Kf3 59. Ka8 Rb1 60. Bd3 Rb4 61.
a7 Ke3 62. Ba6 Rb2 63. Bd3 Rb3 64. Bc4 Rd3 65. Bxd3 Kxd3 66. Kb8 f1=Q 67. a8=Q
Qf8+ 68. Ka7 Qe7+ 69. Qb7 Qxb7+ 70. Kxb7 Kd4 1/2-1/2

[Event "Challenge"]
[Site "http://www.queenalice.com/game.php?id=268955"]
[Date "2007.9.9"]
[Round "-"]
[White "lesangesleader"]
[Black "kleopatra"]
[Result "0-1"]
[WhiteElo "1701"]
[BlackElo "1873"]

1. Nf3 c5 2. c4 Nc6 3. Nc3 Nf6 4. e4 e5 5. d3 h6 6. Be2 Be7 7. a3 O-O 8. O-O d6
9. h3 Be6 10. Nh2 Nd4 11. f4 exf4 12. Bxf4 Bc8 13. e5 dxe5 14. Bxe5 Re8 15. Bxf6
Bxf6 16. Bf3 Rb8 17. Ne4 Bg5 18. Nxg5 Qxg5 19. Bg4 b6 20. Bxc8 Rbxc8 21. Re1 Re6
22. Rxe6 Nxe6 23. Nf3 Qe3+ 24. Kh1 Nf4 25. d4 Rd8 26. d5 Nd3 27. Qc2 Nf2+ 28.
Kh2 Qf4+ 29. Kg1 Ne4 30. Re1 Ng3 31. Qd2 Qxc4 32. d6 Ne4 33. Qf4 Nxd6 34. Qxc4
Nxc4 0-1

[Event "Challenge"]
[Site "http://www.queenalice.com/game.php?id=272153"]
[Date "2007.9.15"]
[Round "-"]
[White "DenisDiaz"]
[Black "kleopatra"]
[Result "1-0"]
[WhiteElo "2073"]
[BlackElo "1843"]

1. d4 d5 2. Bf4 e6 3. a3 Bd6 4. Bxd6 Qxd6 5. e3 a6 6. Nf3 Nc6 7. Be2 Nf6 8. h3
O-O 9. O-O h6 10. Nbd2 Ne4 11. Nxe4 dxe4 12. Nd2 b5 13. Nxe4 Qd8 14. Bf3 Bb7 15.
Nc5 Ra7 16. Nxb7 Rxb7 17. Bxc6 Rb6 18. Bf3 Qf6 19. b4 Rd8 20. Qe2 e5 21. c3 exd4
22. exd4 Re6 23. Qc2 Rdd6 24. Rfe1 Rb6 25. Re4 Rxe4 26. Qxe4 Re6 27. Qd3 Qe7 28.
c4 1-0

[Event "Challenge"]
[Site "http://www.queenalice.com/game.php?id=277564"]
[Date "2007.9.27"]
[Round "-"]
[White "kleopatra"]
[Black "Football_rules"]
[Result "1-0"]
[WhiteElo "1863"]
[BlackElo "1371"]

1. e4 e5 2. Nf3 Nc6 3. Bc4 Qf6 4. d3 Bc5 5. Be3 Bb6 6. Nc3 Nge7 7. Qd2 h6 8. Nd5
Ba5 9. Nxf6+ gxf6 10. c3 d6 11. h3 a6 12. O-O b5 13. Bb3 Bb7 14. Qd1 O-O-O 15.
d4 exd4 16. cxd4 h5 17. d5 Ne5 18. Nxe5 fxe5 19. Rc1 Rhg8 20. Bd2 Bb6 21. Qe1
Bd4 22. Ba5 c6 23. dxc6 Nxc6 24. Bd5 Bc5 25. Bxc6 Bxc6 26. Bxd8 Rxd8 27. Qd1
Bxe4 28. Qxh5 f5 29. b4 a5 30. bxc5 dxc5 31. Rxc5+ Kb7 32. Qf7+ Ka6 33. Qf6+ Kb7
34. Qxd8 Ka6 35. Qd6+ Kb7 36. Rc7+ Kb8 37. Qd8# 1-0

[Event "Challenge"]
[Site "http://www.queenalice.com/game.php?id=286774"]
[Date "2007.10.15"]
[Round "-"]
[White "Narciso"]
[Black "kleopatra"]
[Result "0-1"]
[WhiteElo "1318"]
[BlackElo "1855"]

1. d3 c5 2. Bd2 e6 3. e3 d5 4. Be2 Nf6 5. Nh3 h6 6. f4 Nc6 7. Bc3 Be7 8. Qd2 b5
9. Na3 b4 10. Bxf6 Bxf6 11. Nb5 Ba6 12. d4 c4 13. Nxa7 Rxa7 14. Bh5 O-O 15. O-O
Bc8 16. b3 e5 17. fxe5 Bg5 18. Qf2 Bxh3 19. gxh3 Qd7 20. Bxf7+ Rxf7 21. e6 Qxe6
22. bxc4 Rxf2 23. Rxf2 Bxe3 24. Re1 Qxh3 25. cxd5 Bxf2+ 26. Kxf2 Qf5+ 27. Kg2
Qxd5+ 28. Kh3 Qf3+ 29. Kh4 Rf7 30. Re8+ Kh7 31. Rc8 Rf4# 0-1

[Event "Challenge"]
[Site "http://www.queenalice.com/game.php?id=290229"]
[Date "2007.10.20"]
[Round "-"]
[White "kleopatra"]
[Black "Tlaloc2k"]
[Result "1-0"]
[WhiteElo "1882"]
[BlackElo "1490"]

1. e4 e5 2. Nf3 Qf6 3. Bc4 Bc5 4. d3 h6 5. Nc3 Ne7 6. Be3 Bxe3 7. fxe3 d6 8. h3
O-O 9. Qe2 Nbc6 10. O-O-O Bd7 11. Rhf1 a6 12. a3 g6 13. Qe1 b5 14. Ba2 g5 15.
Nh2 Qg6 16. d4 exd4 17. exd4 Kg7 18. Qe3 Rae8 19. Qf3 d5 20. e5 Be6 21. Ng4 Nf5
22. Ne3 Ncxd4 23. Nxf5+ Bxf5 24. Qf2 b4 25. Qxd4 bxc3 26. Qxc3 c6 27. Rde1 h5
28. e6+ f6 29. Qxc6 Rc8 30. Qxd5 Rxc2+ 31. Kd1 Rfc8 32. Qxf5 Rc1+ 33. Kd2 Qxf5
34. Rxf5 R1c2+ 35. Kd3 Rxb2 36. Re2 Rd8+ 37. Ke3 Rb7 38. Kf2 Kg6 39. Ra5 Rd6 40.
e7 Rxe7 41. Bb1+ Kf7 42. Rxe7+ Kxe7 43. Be4 Re6 44. Bb7 1-0

[Event "Challenge"]
[Site "http://www.queenalice.com/game.php?id=292115"]
[Date "2007.10.24"]
[Round "-"]
[White "HolyPhoenix"]
[Black "kleopatra"]
[Result "1-0"]
[WhiteElo "1763"]
[BlackElo "1884"]

1. e3 e5 2. d4 f6 3. dxe5 fxe5 4. Qh5+ g6 5. Qxe5+ Qe7 6. Qxh8 Qg7 7. Qxg7 Bxg7
8. Bd3 d5 9. Nf3 Nc6 10. Ng5 Nge7 11. Nxh7 Bd7 12. Nc3 O-O-O 13. Nxd5 Nxd5 14.
Bxg6 Rh8 15. f4 Nde7 16. Be4 Bf5 17. Ng5 Bxe4 18. Nxe4 Nb4 19. Kd1 Nf5 20. c3
Re8 21. Ng3 Nxg3 22. hxg3 Nd5 23. Ke2 Bf6 24. a4 Be7 25. e4 Nf6 26. e5 Nd7 27.
g4 b6 28. g3 a5 29. g5 Bc5 30. g6 Rg8 31. e6 Nf8 32. f5 Nxe6 33. fxe6 Rxg6 34.
Rh6 Rxg3 35. Bd2 Rg8 36. Rf1 Kb7 37. Be3 1-0

[Event "Challenge"]
[Site "http://www.queenalice.com/game.php?id=295647"]
[Date "2007.10.31"]
[Round "-"]
[White "Cuti"]
[Black "kleopatra"]
[Result "1-0"]
[WhiteElo "1939"]
[BlackElo "1836"]

1. d4 d5 2. c4 Nf6 3. cxd5 Nxd5 4. e4 Nb6 5. Be3 e6 6. a3 Nc6 7. Bb5 a6 8. Bxc6+
bxc6 9. Qc2 Bb7 10. Nd2 Be7 11. Ngf3 O-O 12. Ne5 Bf6 13. f4 Nd7 14. Nxd7 Qxd7
15. Nb3 Be7 16. Na5 Rab8 17. O-O Bf6 18. Rfd1 1-0

[Event "Let's Play Chess!"]
[Site "http://www.queenalice.com/game.php?id=393371"]
[Date "2008.4.25"]
[Round "-"]
[White "kleopatra"]
[Black "CampbellMarcel"]
[Result "0-1"]
[WhiteElo "1824"]
[BlackElo "1523"]

1. e4 a5 2. d4 b5 3. Bxb5 c6 4. Bd3 d5 5. Nc3 Ba6 6. Bf4 e6 7. Nf3 Nf6 8. O-O
Bxd3 9. cxd3 h6 10. h3 Be7 0-1

[Event "Let's Play Chess!"]
[Site "http://www.queenalice.com/game.php?id=393372"]
[Date "2008.4.25"]
[Round "-"]
[White "CampbellMarcel"]
[Black "kleopatra"]
[Result "1-0"]
[WhiteElo "1551"]
[BlackElo "1796"]

1. e4 c5 2. Be2 e6 3. d4 Nf6 4. e5 Nd5 5. c4 Nb6 6. Be3 cxd4 7. Bxd4 Nc6 8. Bc3
g6 9. f4 Bg7 10. Nf3 O-O 11. O-O 1-0

[Event "Challenge"]
[Site "http://www.queenalice.com/game.php?id=395148"]
[Date "2008.4.29"]
[Round "-"]
[White "kleopatra"]
[Black "Football_rules"]
[Result "0-1"]
[WhiteElo "1770"]
[BlackElo "1595"]

1. e4 e5 2. Nf3 d6 3. h3 h6 4. Bc4 a6 5. d3 b5 6. Bb3 Nc6 7. a3 Nf6 8. O-O Bb7
9. Nc3 Be7 10. Nd5 Nd4 11. Be3 c5 12. c3 Ne6 13. Nxe7 Qxe7 14. Nh4 g6 15. Qf3 c4
0-1